| 000 | 01234cam a22003495a 4500 | ||
|---|---|---|---|
| 001 | 7651463 | ||
| 005 | 20170318112619.0 | ||
| 008 | 060706s2006 ua a grbd 001 0 eng d | ||
| 020 | _a977424995X | ||
| 020 | _a9789774249952 | ||
| 035 | _a(OCoLC)ocn682657573 | ||
| 035 | _a7651463 | ||
| 040 |
_aHLS _beng _cHLS _dORZ _dEG-ScBUE |
||
| 043 |
_af------ _aa------ |
||
| 082 | 0 | 4 |
_a321.8091767 _bABD _222 |
| 100 | 1 |
_aAbdel Fattah, Moataz, _d1972- |
|
| 245 | 1 | 0 |
_aDemocratic values in the Muslim world / _cMoataz Abdel Fattah. |
| 250 | _a1st ed. | ||
| 260 |
_aCairo : _bAmerican University in Cairo Press, _c2006. |
||
| 300 |
_axi, 209 p. : _bill. ; _c23 cm. |
||
| 500 | _aIncludes glossary. | ||
| 504 | _aIncludes bibliographical references (p. 177-191) and index. | ||
| 541 | _aDonation from The American University in Cairo Press. | ||
| 650 | 7 |
_aDemocracy _zIslamic countries _xPublic opinion. _2BUEsh |
|
| 650 | 7 |
_aDemocratization _zIslamic countries _xPublic opinion. _2BUEsh |
|
| 650 | 7 |
_aPolitical culture _zIslamic countries _xPublic opinion. _2BUEsh |
|
| 650 | 7 |
_aMuslims _xAttitudes. _2BUEsh |
|
| 650 | 7 |
_aPublic opinion _zIslamic countries. _2BUEsh |
|
| 651 | _2BUEsh | ||
| 653 |
_bBUSBOL _bGGEN _cMarch2017 |
||
| 942 | _2ddc | ||
| 999 |
_c24453 _d24425 |
||